| 000 | 00000nam 2200000zi 4500 |
| 001 | 9.865701 |
| 003 | CaOODSP |
| 005 | 20221107161848 |
| 006 | m o d f |
| 007 | cr cn||||||||| |
| 008 | 181206t20192019quca ob f000 0 eng d |
| 020 | |a9780660288765 |
| 040 | |aCaOODSP|beng|erda|cCaOODSP |
| 043 | |an-cn--- |
| 045 | |ay1y1 |
| 086 | 1 |aEn4-144/37-2019E-PDF |
| 245 | 00|aCanadian environmental sustainability indicators : |bspecies at risk population trends. |
| 246 | 30|aSpecies at risk population trends |
| 264 | 1|aGatineau, QC : |bEnvironment and Climate Change Canada = Environnement et changement climatique Canada, |c2019. |
| 264 | 4|c©2019 |
| 300 | |a1 online resource (13 pages) : |bcolour illustration |
| 336 | |atext|btxt|2rdacontent |
| 337 | |acomputer|bc|2rdamedia |
| 338 | |aonline resource|bcr|2rdacarrier |
| 500 | |aIssued also in French under title: Indicateurs canadiens de durabilité de l'environnement : tendances des populations d'espèces en péril. |
| 500 | |aCover title. |
| 500 | |a"February 2019." |
| 500 | |aIssued also in HTML format. |
| 504 | |aIncludes bibliographical references. |
| 520 | |a"Some wildlife species in Canada are at risk of extinction. For many of these species, population objectives are set out in a recovery document. This indicator presents early signs of progress and provides a preliminary assessment of whether recovery efforts are working, recognizing that recovery may take many years"--Page 5. |
| 692 | 07|2gccst|aEndangered species |
| 692 | 07|2gccst|aEnvironmental indicators |
| 710 | 1 |aCanada. |bEnvironment and Climate Change Canada. |
| 775 | 08|tIndicateurs canadiens de durabilité de l'environnement : |w(CaOODSP)9.865702 |
| 794 | |tCanadian environmental sustainability indicators : |w(CaOODSP)9.882074 |
| 795 | |tCanadian environmental sustainability indicators |w(CaOODSP)9.849699 |
| 856 | 40|qPDF|s649 KB|uhttps://publications.gc.ca/collections/collection_2019/eccc/En4-144-37-2019-eng.pdf |
| 856 | 4 |qHTML|sN/A|uhttps://www.canada.ca/en/environment-climate-change/services/environmental-indicators/species-risk-population-trends.html |